Statistics for Best Brad Pitt Movie Characters

Click here to take the quiz!

General Stats

  • This quiz has been taken 9 times
  • The average score is 3 of 8

Answer Stats

PlaceYearHintAnswer% Correct
11999He's Not realTyler Durden
75%
51995DetectiveDavid Mills
38%
32009Nazi KillerLt. Aldo Raine
38%
42014WW2 Tank GeneralWardaddy
38%
22019Stunt ManCliff Booth
25%
72014Zombie ApocalypseGerry Lane
25%
62010SuperheroMetro Man
25%
81993StonerFloyd
13%

Score Distribution

Percentile by Number Answered

Percent of People with Each Score

Your Score History

You have not taken this quiz